5HLuxD.jpg

KING HENRY VIII SENIOR AND PRIMARY SCHOOL LIBRARY OPAC

The burning maze / (Record no. 1078)

000 -LEADER
fixed length control field 00948nam a22002297a 4500
005 - DATE AND TIME OF LATEST TRANSACTION
control field 20210528103948.0
008 - FIXED-LENGTH DATA ELEMENTS--GENERAL INFORMATION
fixed length control field 210528b ||||| |||| 00| 0 eng d
020 ## - INTERNATIONAL STANDARD BOOK NUMBER
International Standard Book Number 9781484780657
020 ## - INTERNATIONAL STANDARD BOOK NUMBER
International Standard Book Number 9781368051729
Qualifying information Boxset
040 ## - CATALOGING SOURCE
Transcribing agency KH8
082 ## - DEWEY DECIMAL CLASSIFICATION NUMBER
Classification number FIC RIO
100 ## - MAIN ENTRY--PERSONAL NAME
Personal name Riordan, Rick
Relator term author
245 ## - TITLE STATEMENT
Title The burning maze /
Statement of responsibility, etc. Rick Riordan.
260 ## - PUBLICATION, DISTRIBUTION, ETC.
Place of publication, distribution, etc. Los Angeles ; New York :
Name of publisher, distributor, etc. Disney-Hyperion,
Date of publication, distribution, etc. 2019. ©2018.
300 ## - PHYSICAL DESCRIPTION
Extent 431 pages ;
Dimensions 20 cm.
440 ## - SERIES STATEMENT/ADDED ENTRY--TITLE
Title The trials of Apollo ;
Number of part/section of a work Book 3.
520 ## - SUMMARY, ETC.
Summary, etc. The Greek god Apollo, cast down to earth as the ungifted human teenager Lester Papadopoulos, and his demigod friends must go through the Labyrinth to find the third emperor--and an Oracle who speaks in word puzzles--somewhere in the American Southwest.
650 ## - SUBJECT ADDED ENTRY--TOPICAL TERM
Topical term or geographic name entry element Apollo -- (Deity) -- Juvenile fiction.
650 ## - SUBJECT ADDED ENTRY--TOPICAL TERM
Topical term or geographic name entry element Gods, Greek -- Juvenile fiction.
650 ## - SUBJECT ADDED ENTRY--TOPICAL TERM
Topical term or geographic name entry element Mythology, Greek -- Juvenile fiction.
942 ## - ADDED ENTRY ELEMENTS (KOHA)
Source of classification or shelving scheme
Koha item type Books - Fiction
Holdings
Withdrawn status Lost status Source of classification or shelving scheme Damaged status Not for loan Collection code Permanent Location Current Location Shelving location Date acquired Total Checkouts Full call number Barcode Date due Date last seen Date last checked out Price effective from Koha item type
          Fiction KH8 Senior School Library KH8 Senior School Library Fiction 2021-05-28 3 FIC RIO 3KHSL000101805 2024-11-20 2024-11-04 2024-11-04 2021-05-28 Books - Fiction

Powered By KH8 IT Dept